| 000 | 00000nam##2200000za#4500 |
| 001 | 9.570134 |
| 003 | CaOODSP |
| 005 | 20210624182109 |
| 007 | cr ||||||||||| |
| 008 | 150406|1997||||xxc|||||o f|0| 0 eng|d |
| 040 | |aCaOODSP|beng |
| 043 | |an-cn--- |
| 086 | 1 |aNM95-57/3-3-1997E-PDF |
| 110 | 1 |aCanada.|bCanadian Heritage. |bCanadian Conservation Institute. |
| 245 | 10|aControlling insect pests with low temperature / |h[electronic resource]|cby Thomas J. K. Strang. |
| 260 | |aOttawa - Ontario : |bCanadian Heritage. |cc1997. |
| 300 | |a4p.|bgraphs, references |
| 490 | 1 |aCCI Notes|v3/3 |
| 500 | |aThe catalogue number (NM95-57/3-3-1997E) and ISSN (0714-6221) for the print edition have been incorrectly copied in this electronic publication. |
| 590 | |a11-09-Supp|b2011-06-30 |
| 720 | 1 |aStrang, Thomas J. K. |
| 775 | 08|tLutte contre les insectes par exposition au froid / |w(CaOODSP)9.600901 |
| 830 | #0|aCCI notes ;|v3/3|w(CaOODSP)9.506353 |
| 856 | 40|ahttp://publications.gc.ca|qPDF|s64 KB|uhttps://publications.gc.ca/collections/collection_2011/pc-ch/NM95-57-3-3-1997-eng.pdf|y3/3 |